| 000 | 01837cam a2200373 a 4500 | ||
|---|---|---|---|
| 001 | 16292942 | ||
| 003 | OSt | ||
| 005 | 20170105102907.0 | ||
| 008 | 100619s2011 nyub 001 0aeng | ||
| 010 | _a 2010024348 | ||
| 020 | _a9780385533317 | ||
| 020 | _a0385533314 (hbk.) | ||
| 035 | _a(OCoLC)ocn646113498 | ||
| 040 |
_aDLC _cDLC _dIG# _dBTCTA _dYDXCP _dGPI _dDLC |
||
| 043 |
_aa-af--- _aa-pk--- _an-us--- |
||
| 050 | 0 | 0 |
_aDS371.4135 _b.B37 2011 |
| 082 | 0 | 0 |
_a958.1047 _222 _bBAR 2011 |
| 100 | 1 |
_aBarker, Kim, _d1970- |
|
| 245 | 1 | 4 |
_aThe Taliban shuffle : _bstrange days in Afghanistan and Pakistan / _cKim Barker. |
| 250 | _a1st ed. | ||
| 260 |
_aNew York : _bDoubleday, _cc2011. |
||
| 300 |
_aviii, 302 p. : _bmap ; _c22 cm. |
||
| 505 | 0 | _aPt. 1. Kabul high. Welcome to the terrordome ; Montana ; American idiot ; There goes my gun ; One way or another ; March of the pigs ; Monkey gone to heaven ; Message in a bottle ; Let's get radical ; Hell yes ; My new house ; Barely legal -- pt. 2. Whack-a-stan. Under pressure ; Highway to hell ; God save the queen ; Stray cat strut ; Lucky star ; Suspicious minds ; Rebel, rebel ; Why can't we be friends? ; London calling ; Deadbeat club ; Eye of the tiger ; Bad liver and a broken heart ; Young Americans ; When the man comes around ; Hotel California. | |
| 600 | 1 | 0 |
_aBarker, Kim, _d1970- |
| 650 | 0 |
_aAfghan War, 2001- _xPress coverage. |
|
| 650 | 0 |
_aWar correspondents _zAfghanistan _vBiography. |
|
| 650 | 0 |
_aWar correspondents _zPakistan _vBiography. |
|
| 650 | 0 |
_aWar correspondents _zUnited States _vBiography. |
|
| 651 | 0 |
_aAfghanistan _xHistory _y2001- |
|
| 651 | 0 |
_aPakistan _xHistory _y21st century. |
|
| 906 |
_a7 _bcbc _corignew _d1 _eecip _f20 _gy-gencatlg |
||
| 942 |
_2ddc _cBK |
||
| 999 |
_c14934 _d14934 |
||